000 00369cam a2200169 4500
001 D12957
008 090401t1944 xxu||||| |||| 00| 0 eng d
035 _a(Sirsi) u6841
041 _aeng
100 _aHiggins, Arthur Lovat
245 _aHigher Surveying
260 _bMacMillan
_c1944
350 _a0
520 _aShelf 182
942 _n0
948 _c04/03/1997
999 _c86357
_d86357